000 00214nmm a2200085Ia 4500
008 220120s9999||||xx |||||||||||||||||und||
100 _aEmbedded For You
245 0 _aDigital Edition
260 _aEmbedded for you
_c2013
999 _c139870
_d139870